[Event "Reykjavik op"]
[Site "Reykjavik"]
[Date "2024.03.15"]
[Round "1"]
[White "Gortemaker, Lucas"]
[Black "Fantinel, Thibault"]
[Result "1/2-1/2"]
[WhiteElo "2032"]
[BlackElo "2421"]
[PlyCount "142"]
[EventDate "2024.03.15"]
[EventType "swiss"]
[EventRounds "9"]
[EventCountry "ISL"]
[SourceTitle "CB13_2024"]
[SourceDate "2024.03.27"]
[SourceVersion "1"]
[SourceVersionDate "2024.03.27"]
[SourceQuality "1"]

1. e4 c5 2. Nf3 Nc6 3. Bb5 e6 4. 0-0 Nge7 5. Re1 Nd4 6. Nxd4 cxd4 7. d3 a6 8. Ba4 b5 9. Bb3 Nc6 10. f4 Be7 11. Nd2 0-0 12. a4 Bb7 13. axb5 axb5 14. Rxa8 Qxa8 15. Qh5 Qa5 16. Nf3 g6 17. Qh6 f5 18. Bd2 Qd8 19. c3 Bc5 20. Kh1 Qf6 21. Ng5 Rf7 22. Nxf7 Qxf7 23. Qh3 Qf6 24. exf5 gxf5 25. Bd1 dxc3 26. bxc3 b4 27. d4 bxc3 28. Bxc3 Bxd4 29. Bxd4 Nxd4 30. Qh5 Qg6 31. Qxg6+ hxg6 32. Ba4 d6 33. Rb1 Be4 34. Rb8+ Kf7 35. Bd1 e5 36. Rb6 Ke6 37. fxe5 Kxe5 38. Kg1 f4 39. Kf2 d5 40. Bf3 g5 41. Rb8 Bxf3 42. gxf3 Ne6 43. Re8 Kf5 44. Re7 Kf6 45. Rd7 Ke5 46. Ra7 Kf5 47. Ra5 Ke5 48. Rb5 Nd4 49. Rb6 Kf5 50. Rd6 Ke5 51. Rg6 Kf5 52. Rg8 Ne6 53. Kg2 Nd4 54. Rh8 Kf6 55. Kf2 Kf5 56. Rh3 Kf6 57. Ke1 Nf5 58. Rh8 Nd4 59. Kf2 Nf5 60. Rh7 Ke5 61. Rh8 Kf6 62. Rd8 Ke5 63. Rd7 Nd4 64. Kg2 Nf5 65. Rd8 Ke6 66. Rh8 Ke5 67. Kf2 Kf6 68. Ke2 Nd4+ 69. Kf2 Nf5 70. Ke2 Nd4+ 71. Kf2 Nf5 1/2-1/2

[Event "Catalunya-chT Gp2"]
[Site "Barcelona"]
[Date "2024.01.27"]
[Round "2.5"]
[White "Fantinel, Thibault"]
[Black "Masague Artero, Guerau"]
[Result "1-0"]
[WhiteElo "2417"]
[BlackElo "2324"]
[PlyCount "143"]
[EventDate "2024.01.20"]
[EventType "team-tourn"]
[EventRounds "7"]
[EventCountry "ESP"]
[SourceTitle "CB06_2024"]
[SourceDate "2024.02.07"]
[SourceVersion "1"]
[SourceVersionDate "2024.02.07"]
[SourceQuality "1"]
[WhiteTeam "Platja D'Aro"]
[BlackTeam "Barcelona Escacs CC"]
[WhiteTeamCountry "ESP"]
[BlackTeamCountry "ESP"]

1. e4 c5 2. Nf3 Nc6 3. Bb5 d6 4. Bxc6+ bxc6 5. 0-0 e5 6. c3 Ba6 7. Re1 Ne7 8. d4 Ng6 9. Na3 Be7 10. Qa4 Qb6 11. dxc5 dxc5 12. Nc4 Bxc4 13. Qxc4 0-0 14. Be3 Qb5 15. Nd2 Rfd8 16. Rab1 Nf8 17. a4 Qxc4 18. Nxc4 f6 19. Na5 Rdc8 20. Red1 Kf7 21. Kf1 Ke8 22. Ke2 Ne6 23. Kd3 Rab8 24. Kc2 h5 25. Rd3 Rc7 26. g3 g6 27. f4 f5 28. fxe5 fxe4 29. Rd2 Ng7 30. Re1 Nf5 31. Bg1 e3 32. Rd3 Bg5 33. Nc4 Rcb7 34. h3 Ke7 35. g4 hxg4 36. hxg4 Nh4 37. Bxe3 Bxe3 38. Rexe3 Rf8 39. Re4 Rf1 40. Rd6 Rf2+ 41. Kb1 Nf3 42. Re3 g5 43. Ka2 a5 44. Rf6 Nd2 45. Rxf2 Nxc4 46. Re4 Nb6 47. Rf6 c4 48. Ka3 Nd5 49. Rxc6 Rb3+ 50. Ka2 Rxc3 51. bxc3 Nxc3+ 52. Kb2 Nxe4 53. Rxc4 Nf2 54. Kc3 Ke6 55. Kd4 Nxg4 56. Rc5 Nh2 57. Ke4 Nf1 58. Rc6+ Kd7 59. Rd6+ Ke7 60. Rg6 Ng3+ 61. Kd5 Ne2 62. Rg7+ Kf8 63. Rxg5 Nc3+ 64. Ke6 Nxa4 65. Kd6 Nc3 66. Kd7 Ne4 67. Rf5+ Kg7 68. e6 Kg6 69. Rxa5 Nf6+ 70. Kd8 Kg7 71. e7 Kf7 72. Rf5 1-0

[Event "Aix en Provence Dole op 1st"]
[Site "Aix en Provence"]
[Date "2023.08.09"]
[Round "4"]
[White "Lagarde, Maxime"]
[Black "Fantinel, Thibault"]
[Result "1-0"]
[WhiteElo "2600"]
[BlackElo "2421"]
[PlyCount "85"]
[EventDate "2023.08.07"]
[EventType "swiss"]
[EventRounds "9"]
[EventCountry "FRA"]
[SourceTitle "CBM 215 Extra"]
[Source "ChessBase"]
[SourceDate "2023.09.30"]
[SourceVersion "1"]
[SourceVersionDate "2023.09.30"]
[SourceQuality "1"]

1. d4 d6 2. e4 Nf6 3. Nc3 e5 4. Nf3 Nbd7 5. h3 Be7 6. g4 h6 7. Be3 c6 8. a4 0-0 9. Rg1 d5 10. exd5 exd4 11. Qxd4 Bc5 12. Qf4 Bxe3 13. fxe3 Nxd5 14. Nxd5 cxd5 15. g5 hxg5 16. Nxg5 Qa5+ 17. b4 Qb6 18. a5 Qf6 19. 0-0-0 Qxf4 20. exf4 Nf6 21. Bg2 Rd8 22. Rge1 Bf5 23. Re5 g6 24. Re7 Rac8 25. Rd2 Rc4 26. Nxf7 Kf8 27. Rxb7 Rdc8 28. Ne5 Rxc2+ 29. Kd1 Rxd2+ 30. Kxd2 Rc2+ 31. Ke3 Rxg2 32. Rf7+ Ke8 33. Rxf6 Rb2 34. Nxg6 Bxh3 35. Rf8+ Kd7 36. Ne5+ Kd6 37. Rf6+ Kc7 38. Kd4 Rxb4+ 39. Kc5 Rb1 40. Rf7+ Kc8 41. Kd6 Rg1 42. Rc7+ Kd8 43. Rh7 1-0

[Event "Monteolivete op 3rd"]
[Site "Alboraia"]
[Date "2023.07.22"]
[Round "8"]
[White "Fantinel, Thibault"]
[Black "Roselli Mailhe, Bernardo"]
[Result "1/2-1/2"]
[WhiteElo "2418"]
[BlackElo "2347"]
[PlyCount "119"]
[EventDate "2023.07.17"]
[EventType "swiss"]
[EventRounds "9"]
[EventCountry "ESP"]
[SourceTitle "CBM 215 Extra"]
[Source "ChessBase"]
[SourceDate "2023.09.30"]
[SourceVersion "1"]
[SourceVersionDate "2023.09.30"]
[SourceQuality "1"]

1. e4 e6 2. d4 d5 3. Nd2 a6 4. Ngf3 c5 5. dxc5 Bxc5 6. Bd3 Nc6 7. 0-0 Nge7 8. exd5 exd5 9. Nb3 Bd6 10. Re1 0-0 11. c3 h6 12. h3 Bf5 13. Bxf5 Nxf5 14. Qd3 Qd7 15. Bd2 Rfe8 16. Rad1 Rxe1+ 17. Rxe1 Rd8 18. Kf1 Bc7 19. Bc1 Bb6 20. Bf4 Nce7 21. Nbd4 Nxd4 22. Nxd4 Bxd4 23. Qxd4 Ng6 24. Bc1 Qb5+ 25. Kg1 Re8 26. Rxe8+ Qxe8 27. Be3 Qc6 28. Qg4 Nf8 29. h4 Qe6 30. Qb4 Qd7 31. h5 Ne6 32. Qg4 Qb5 33. b3 Qd3 34. Qf3 b5 35. Kh2 a5 36. a4 bxa4 37. bxa4 f5 38. Bb6 Qxf3 39. gxf3 Kf7 40. Kg3 g5 41. Bxa5 Nc5 42. f4 g4 43. f3 gxf3 44. Kxf3 Nxa4 45. Bb4 Nb6 46. Ke3 Nd7 47. Kd4 Ke6 48. Ba3 Nf6 49. Bf8 Nxh5 50. Bxh6 Ng3 51. Bg7 Ne2+ 52. Ke3 Ng3 53. Be5 Ne4 54. Kd4 Ng3 55. Ke3 Ne4 56. Kd4 Nf2 57. Bb8 Ne4 58. Be5 Nf2 59. Bb8 Ne4 60. Be5 1/2-1/2

[Event "Titled Tuesday intern op 11th Jul Early"]
[Site "Chess.com INT"]
[Date "2023.07.11"]
[Round "10"]
[White "Fantinel, Thibault"]
[Black "Dubnevych, Maksym"]
[Result "0-1"]
[WhiteElo "2418"]
[BlackElo "2251"]
[PlyCount "110"]
[EventDate "2023.07.11"]
[EventType "swiss (blitz)"]
[EventRounds "11"]
[EventCountry "USA"]
[SourceTitle "EXT 2024"]
[Source "ChessBase"]
[SourceDate "2023.10.10"]
[SourceVersion "1"]
[SourceVersionDate "2023.10.10"]
[SourceQuality "1"]

1. d4 d5 2. Nf3 Nf6 3. Bf4 e6 4. e3 c5 5. Nbd2 Nc6 6. c3 Nh5 7. Bg5 f6 8. Bh4 g6 9. Bd3 cxd4 10. cxd4 Bd6 11. 0-0 0-0 12. a3 Bd7 13. Rc1 Ne7 14. b4 a5 15. Qb3 a4 16. Qb1 Qb6 17. Rfe1 Nf5 18. Bg3 Nhxg3 19. hxg3 Rac8 20. Rxc8 Rxc8 21. Rc1 Kg7 22. Rxc8 Bxc8 23. Qc2 Bd7 24. Nb1 e5 25. Qc3 e4 26. Be2 exf3 27. gxf3 Ne7 28. Qd2 Bb5 29. Bd1 Qc6 30. Nc3 Nc8 31. e4 Nb6 32. Nxb5 Qxb5 33. Be2 Qc6 34. Qe3 Nc4 35. Qc3 b5 36. Bd3 Qc7 37. exd5 f5 38. Kg2 Be7 39. Qc1 Bd8 40. Qe1 Qd7 41. Bxc4 bxc4 42. Qe5+ Bf6 43. Qb8 Qxd5 44. Qc7+ Qf7 45. Qc6 Bxd4 46. b5 c3 47. b6 Bxb6 48. Qxb6 Qc4 49. Qb7+ Kh6 50. Qb8 Qc5 51. Qf4+ Kg7 52. Qc1 c2 53. Qb2+ Kg8 54. Qc1 Qc3 55. Kh2 Qd3 0-1

[Event "Titled Tuesday intern op 11th Jul Late"]
[Site "Chess.com INT"]
[Date "2023.07.11"]
[Round "4"]
[White "Fantinel, Thibault"]
[Black "Karas, Marek"]
[Result "1-0"]
[WhiteElo "2418"]
[BlackElo "2227"]
[PlyCount "161"]
[EventDate "2023.07.11"]
[EventType "swiss (blitz)"]
[EventRounds "11"]
[EventCountry "USA"]
[SourceTitle "EXT 2024"]
[Source "ChessBase"]
[SourceDate "2023.10.10"]
[SourceVersion "1"]
[SourceVersionDate "2023.10.10"]
[SourceQuality "1"]

1. d4 Nf6 2. Nf3 d5 3. Bf4 c5 4. e3 Nc6 5. Nbd2 e6 6. c3 Bd6 7. Bg3 0-0 8. Bd3 Qe7 9. Ne5 Nd7 10. Nxd7 Qxd7 11. Bxd6 Qxd6 12. f4 b6 13. 0-0 a5 14. Qe2 f5 15. Nf3 c4 16. Bc2 b5 17. Kh1 b4 18. Ba4 Nd8 19. a3 Nf7 20. Rg1 Bd7 21. Bxd7 Qxd7 22. g4 bxc3 23. bxc3 fxg4 24. Rxg4 Nh6 25. Rg5 Nf5 26. Rag1 Rab8 27. Ne5 Qc7 28. e4 dxe4 29. Qxe4 Qb7 30. Qxb7 Rxb7 31. Nxc4 Rc7 32. Nxa5 Rxc3 33. Nb7 g6 34. Rd1 Ne3 35. Re1 Rxf4 36. Rg3 Nd5 37. Rxc3 Nxc3 38. Rxe6 Rxd4 39. Nc5 Kf7 40. Ra6 Rd1+ 41. Kg2 Rd2+ 42. Kg3 Ra2 43. h4 h6 44. Kf4 g5+ 45. hxg5 hxg5+ 46. Kxg5 Ke7 47. Kf4 Nb5 48. a4 Nc3 49. Ke5 Kd8 50. Kd6 Rd2+ 51. Kc6 Nxa4 52. Rxa4 Ke7 53. Ne4 Rc2+ 54. Kd5 Rc1 55. Ke5 Kd7 56. Ra6 Kc7 57. Rf6 Kb7 58. Kd5 Rc2 59. Nc5+ Kc7 60. Rc6+ Kb8 61. Rh6 Rd2+ 62. Kc6 Rd1 63. Rh7 Rc1 64. Kb6 Rb1+ 65. Kc6 Rc1 66. Rg7 Rb1 67. Na6+ Ka8 68. Nc5 Rc1 69. Re7 Rc2 70. Re8+ Ka7 71. Re7+ Ka8 72. Re4 Rc1 73. Rb4 Rc2 74. Kb6 Ra2 75. Re4 Rb2+ 76. Ka6 Ra2+ 77. Kb5 Rb2+ 78. Ka5 Ra2+ 79. Na4 Rc2 80. Re6 Rc1 81. Ka6 1-0

[Event "Titled Tuesday intern op 11th Jul Early"]
[Site "Chess.com INT"]
[Date "2023.07.11"]
[Round "1"]
[White "Fantinel, Thibault"]
[Black "Topalov, Aleksandar"]
[Result "1-0"]
[WhiteElo "2418"]
[BlackElo "2233"]
[PlyCount "39"]
[EventDate "2023.07.11"]
[EventType "swiss (blitz)"]
[EventRounds "11"]
[EventCountry "USA"]
[SourceTitle "EXT 2024"]
[Source "ChessBase"]
[SourceDate "2023.10.10"]
[SourceVersion "1"]
[SourceVersionDate "2023.10.10"]
[SourceQuality "1"]

1. d4 Nf6 2. Nf3 g6 3. Nc3 d5 4. Bf4 Bg7 5. Nb5 Na6 6. e3 0-0 7. h3 Ne4 8. Be2 c6 9. Nc3 Nxc3 10. bxc3 Nb8 11. 0-0 Nd7 12. c4 dxc4 13. Bxc4 Nb6 14. Be2 Be6 15. Be5 Nc4 16. Bxg7 Kxg7 17. Qb1 b6 18. Qb4 Qd6 19. Qc3 Na5 20. d5+ 1-0

[Event "Titled Tuesday intern op 11th Jul Late"]
[Site "Chess.com INT"]
[Date "2023.07.11"]
[Round "11"]
[White "Fantinel, Thibault"]
[Black "Troff, Kayden W"]
[Result "0-1"]
[WhiteElo "2418"]
[BlackElo "2483"]
[PlyCount "76"]
[EventDate "2023.07.11"]
[EventType "swiss (blitz)"]
[EventRounds "11"]
[EventCountry "USA"]
[SourceTitle "EXT 2024"]
[Source "ChessBase"]
[SourceDate "2023.10.10"]
[SourceVersion "1"]
[SourceVersionDate "2023.10.10"]
[SourceQuality "1"]

1. d4 Nf6 2. Nf3 g6 3. Nc3 d5 4. Bf4 Bg7 5. Nb5 Na6 6. e3 0-0 7. h3 c5 8. Be2 Bd7 9. a4 Ne4 10. 0-0 c4 11. Nd2 f5 12. f3 Nf6 13. b3 cxb3 14. cxb3 Nh5 15. Be5 Bxe5 16. dxe5 Qb6 17. Nd4 f4 18. a5 Qb4 19. Nb1 fxe3 20. Nc2 Qc5 21. b4 Nxb4 22. Nxb4 Qxb4 23. Qxd5+ Kh8 24. Qxd7 Qb2 25. Nc3 Qxc3 26. Qxe7 Nf4 27. Rae1 Qd2 28. Qd6 Nxe2+ 29. Kh2 Nc3 30. Qc7 e2 31. Rg1 Rac8 32. Qxb7 Qf4+ 33. g3 Qxe5 34. Rg2 Rce8 35. Qb4 Qe3 36. h4 Rxf3 37. Qc4 Qe5 38. Qc6 Re3 0-1

[Event "Titled Tuesday intern op 11th Jul Late"]
[Site "Chess.com INT"]
[Date "2023.07.11"]
[Round "2"]
[White "Fantinel, Thibault"]
[Black "Villuendas Valero, Adrian"]
[Result "1-0"]
[WhiteElo "2418"]
[BlackElo "2273"]
[PlyCount "85"]
[EventDate "2023.07.11"]
[EventType "swiss (blitz)"]
[EventRounds "11"]
[EventCountry "USA"]
[SourceTitle "EXT 2024"]
[Source "ChessBase"]
[SourceDate "2023.10.10"]
[SourceVersion "1"]
[SourceVersionDate "2023.10.10"]
[SourceQuality "1"]

1. d4 d6 2. Nf3 Nf6 3. Bf4 g6 4. c3 Bg7 5. Nbd2 0-0 6. e4 Nfd7 7. Be2 e5 8. dxe5 dxe5 9. Be3 c6 10. 0-0 Qc7 11. Nc4 Nb6 12. Qd6 Qxd6 13. Nxd6 Rd8 14. Nxc8 Nxc8 15. Rfd1 Nd7 16. Rd2 Ncb6 17. a4 Nf6 18. a5 Rxd2 19. Nxd2 Nbd7 20. f3 Bf8 21. Nc4 Nh5 22. Rd1 Nhf6 23. b4 c5 24. b5 b6 25. Ra1 Rb8 26. axb6 axb6 27. Ra7 Bg7 28. Bd1 Nf8 29. Bb3 Ne6 30. Nxe5 Nxe4 31. Nxf7 Nxc3 32. Bxe6 Re8 33. Ng5+ Kh8 34. Bd2 Nxb5 35. Rb7 Nd4 36. Bc4 h6 37. Ne4 Nc6 38. Rxb6 Ne5 39. Bf1 Nd7 40. Rxg6 Ra8 41. g3 Ra2 42. Bc3 Bxc3 43. Nxc3 1-0

[Event "Titled Tuesday intern op 11th Jul Early"]
[Site "Chess.com INT"]
[Date "2023.07.11"]
[Round "6"]
[White "Povshednyi, Ivan"]
[Black "Fantinel, Thibault"]
[Result "0-1"]
[WhiteElo "2220"]
[BlackElo "2418"]
[PlyCount "102"]
[EventDate "2023.07.11"]
[EventType "swiss (blitz)"]
[EventRounds "11"]
[EventCountry "USA"]
[SourceTitle "EXT 2024"]
[Source "ChessBase"]
[SourceDate "2023.10.10"]
[SourceVersion "1"]
[SourceVersionDate "2023.10.10"]
[SourceQuality "1"]

1. Nf3 Nf6 2. g3 b6 3. Bg2 Bb7 4. 0-0 g6 5. b3 Bg7 6. Bb2 0-0 7. c4 c5 8. d4 cxd4 9. Qxd4 d6 10. Qd1 Nbd7 11. Nc3 Rc8 12. Rc1 a6 13. Qd2 Nc5 14. Rfd1 Qd7 15. Nd4 Bxg2 16. Kxg2 Qb7+ 17. Nf3 b5 18. Nd5 Nxd5 19. cxd5 Bxb2 20. Qxb2 Rc7 21. h4 h5 22. Qd4 Rfc8 23. g4 hxg4 24. Qxg4 Nd7 25. Rxc7 Rxc7 26. h5 Nf6 27. Qg5 Nxh5 28. Rh1 Kf8 29. e4 Qc8 30. Nd4 Ke8 31. Nc6 Rxc6 32. dxc6 Qxc6 33. Qe3 e5 34. Rd1 Nf4+ 35. Kg1 Kf8 36. Kh2 Kg7 37. f3 Qc8 38. Kg1 Qh3 39. Qf2 Qe6 40. Qd2 Qh3 41. Qf2 Qh5 42. Re1 Nh3+ 43. Kf1 Nxf2 44. Kxf2 Qh2+ 45. Ke3 Qxa2 46. Re2 Qxb3+ 47. Kd2 Qb2+ 48. Ke3 Qxe2+ 49. Kxe2 f5 50. f4 exf4 51. e5 dxe5 0-1

[Event "Titled Tuesday intern op 11th Jul Early"]
[Site "Chess.com INT"]
[Date "2023.07.11"]
[Round "2"]
[White "Tabuenca Mendataurigoitia, Daniel"]
[Black "Fantinel, Thibault"]
[Result "1/2-1/2"]
[WhiteElo "2358"]
[BlackElo "2418"]
[PlyCount "141"]
[EventDate "2023.07.11"]
[EventType "swiss (blitz)"]
[EventRounds "11"]
[EventCountry "USA"]
[SourceTitle "EXT 2024"]
[Source "ChessBase"]
[SourceDate "2023.10.10"]
[SourceVersion "1"]
[SourceVersionDate "2023.10.10"]
[SourceQuality "1"]

1. e4 c5 2. Nf3 e6 3. d4 cxd4 4. Nxd4 Nf6 5. Nc3 Nc6 6. Nxc6 bxc6 7. e5 Nd5 8. Ne4 Qc7 9. f4 Qb6 10. c4 Bb4+ 11. Ke2 f5 12. exf6 Nxf6 13. Be3 Qd8 14. Nd6+ Bxd6 15. Qxd6 Bb7 16. Rg1 Ne4 17. Qd4 c5 18. Qxg7 Qh4 19. Rd1 0-0-0 20. b4 Rhg8 21. Qe5 Qxh2 22. bxc5 Rg3 23. Qd4 Qh5+ 24. Ke1 Bc6 25. Be2 Qg6 26. Bf3 Rg8 27. Rb1 Qf5 28. Qb2 Kd8 29. Bf2 Qxf4 30. Bxg3 Rxg3 31. Qh8+ Ke7 32. Qxh7+ Kf6 33. Qh8+ Ke7 34. Qh7+ Kf6 35. Qh8+ Kf7 36. Bh5+ Ke7 37. Qe8+ Kf6 38. Qf7+ Ke5 39. Qxf4+ Kxf4 40. Rf1+ Ke3 41. Rb3+ Kd4 42. Rxg3 Nxg3 43. Kf2 Nxf1 44. Kxf1 Kxc4 45. g4 Kxc5 46. g5 Be4 47. g6 Kb4 48. g7 Bh7 49. Be8 d6 50. Bf7 e5 51. g8Q Bxg8 52. Bxg8 Kc3 53. Ke2 Kd4 54. a4 d5 55. Kd2 a5 56. Ke2 Kc4 57. Ke3 Kc5 58. Kd3 e4+ 59. Ke3 Kc4 60. Bf7 Kc5 61. Bg8 Kb4 62. Bxd5 Kxa4 63. Kxe4 Ka3 64. Kd3 Kb2 65. Bc4 a4 66. Bd5 a3 67. Bc4 Kb1 68. Bd5 Kb2 69. Bc4 Ka1 70. Kc2 a2 71. Kc1 1/2-1/2

[Event "Titled Tuesday intern op 11th Jul Early"]
[Site "Chess.com INT"]
[Date "2023.07.11"]
[Round "8"]
[White "Turzo, Attila"]
[Black "Fantinel, Thibault"]
[Result "1/2-1/2"]
[WhiteElo "2279"]
[BlackElo "2418"]
[PlyCount "187"]
[EventDate "2023.07.11"]
[EventType "swiss (blitz)"]
[EventRounds "11"]
[EventCountry "USA"]
[SourceTitle "EXT 2024"]
[Source "ChessBase"]
[SourceDate "2023.10.10"]
[SourceVersion "1"]
[SourceVersionDate "2023.10.10"]
[SourceQuality "1"]

1. d4 Nf6 2. c4 g6 3. g3 Bg7 4. Bg2 0-0 5. Nc3 d6 6. e4 e5 7. d5 a5 8. Nge2 Na6 9. 0-0 Nd7 10. Be3 f5 11. exf5 gxf5 12. f4 e4 13. Bd4 Nac5 14. Bxg7 Kxg7 15. Nd4 Nf6 16. Qd2 h5 17. Nd1 Bd7 18. Ne3 Ng4 19. h3 Nxe3 20. Qxe3 Qf6 21. Kh2 Kf7 22. h4 Rg8 23. Rg1 Rg7 24. Bf1 Rag8 25. Be2 Qg6 26. Rad1 Rh8 27. b3 Qf6 28. Rd2 Rgg8 29. Nc2 Ra8 30. Qd4 Qxd4 31. Rxd4 Kg6 32. Ne3 Rhb8 33. Rc1 Re8 34. Kg2 Reb8 35. Rd2 Re8 36. Rdc2 Reb8 37. Rb1 Be8 38. a4 Kf6 39. Kf2 Bf7 40. Rc3 Ra6 41. Nc2 Rb6 42. Nd4 Nxa4 43. Rc2 Nc5 44. Ra2 Ra8 45. Ke3 Raa6 46. Nb5 c6 47. Nxd6 cxd5 48. cxd5 Bxd5 49. Bxa6 Rxa6 50. Nc4 Nxb3 51. Rc2 a4 52. Na3 Rd6 53. Rd1 Ke6 54. Rc5 Nxc5 55. Rd4 Nb3 56. Rb4 Bc6 57. Nc4 Rd3+ 58. Ke2 Rxg3 59. Ne5 Rg2+ 60. Kf1 Ra2 61. Rb6 Ra1+ 62. Kf2 Nd4 63. Ke3 Nc2+ 64. Kd2 Nd4 65. Kc3 Nf3 66. Nxc6 bxc6 67. Rxc6+ Kd5 68. Rh6 a3 69. Rxh5 Nd4 70. Rg5 a2 71. Kb2 Rh1 72. Kxa2 Rxh4 73. Kb2 Rxf4 74. Rg8 Ke5 75. Rf8 Ne6 76. Re8 Rf2+ 77. Kc3 e3 78. Kd3 f4 79. Rf8 Rd2+ 80. Kc3 Ke4 81. Rf6 Ng5 82. Rg6 e2 83. Kxd2 Kf5 84. Rxg5+ Kxg5 85. Kxe2 Kg4 86. Kf2 f3 87. Kf1 Kf4 88. Kf2 Ke4 89. Kf1 Ke3 90. Ke1 Ke4 91. Kf2 Kf4 92. Kf1 Kg4 93. Kf2 Kf5 94. Kxf3 1/2-1/2

[Event "Titled Tuesday intern op 27th Jun Late"]
[Site "Chess.com INT"]
[Date "2023.06.27"]
[Round "4"]
[White "Fantinel, Thibault"]
[Black "Bryakin, Mikhail"]
[Result "1-0"]
[WhiteElo "2418"]
[BlackElo "2451"]
[PlyCount "90"]
[EventDate "2023.06.27"]
[EventType "swiss (blitz)"]
[EventRounds "11"]
[EventCountry "USA"]
[SourceTitle "EXT 2024"]
[Source "ChessBase"]
[SourceDate "2023.10.10"]
[SourceVersion "1"]
[SourceVersionDate "2023.10.10"]
[SourceQuality "1"]

1. c4 g6 2. g3 Bg7 3. Bg2 c6 4. Nc3 Nf6 5. e4 d6 6. Nge2 0-0 7. 0-0 e5 8. d3 a5 9. h3 Na6 10. Be3 Nd7 11. Qd2 Nac5 12. Rad1 a4 13. Bh6 Qe7 14. Bxg7 Kxg7 15. d4 Ne6 16. d5 cxd5 17. Nxd5 Qd8 18. f4 Nec5 19. Kh2 Ra6 20. Nec3 Nb6 21. Nxb6 Qxb6 22. Nd5 Qd8 23. f5 f6 24. h4 Ra7 25. Ne3 Ra6 26. Ng4 g5 27. hxg5 fxg5 28. Nxe5 h6 29. Ng4 Qe8 30. Qd4+ Kh7 31. Nf6+ Rxf6 32. Qxf6 d5 33. Qd4 Qh5+ 34. Kg1 Nxe4 35. Bxe4 dxe4 36. Qxe4 Rf6 37. Rd8 Qf7 38. Rxc8 Qd7 39. Re8 Rf7 40. Qe5 Rg7 41. f6 Qg4 42. Qf5+ Qxf5 43. Rxf5 Rf7 44. Re7 Kg6 45. Rxf7 Kxf5 1-0

[Event "Titled Tuesday intern op 13th Jun Late"]
[Site "Chess.com INT"]
[Date "2023.06.13"]
[Round "11"]
[White "Aalto, Patrik"]
[Black "Fantinel, Thibault"]
[Result "1-0"]
[WhiteElo "2226"]
[BlackElo "2418"]
[PlyCount "107"]
[EventDate "2023.06.13"]
[EventType "swiss (blitz)"]
[EventRounds "11"]
[EventCountry "USA"]
[SourceTitle "EXT 2024"]
[Source "ChessBase"]
[SourceDate "2023.10.10"]
[SourceVersion "1"]
[SourceVersionDate "2023.10.10"]
[SourceQuality "1"]

1. d4 e6 2. c4 Nf6 3. g3 c5 4. d5 exd5 5. cxd5 g6 6. Bg2 d6 7. Nf3 Bg7 8. 0-0 0-0 9. Nc3 a6 10. a4 Re8 11. Nd2 Nbd7 12. Nc4 Ne5 13. Na3 Rb8 14. e4 Nh5 15. h3 c4 16. f4 Nd3 17. g4 Bd4+ 18. Kh2 Nhxf4 19. Bxf4 Nxf4 20. Qxd4 Nxg2 21. Kxg2 b5 22. axb5 axb5 23. Naxb5 h5 24. Qf6 Qd7 25. Nxd6 Rxb2+ 26. Rf2 Rxf2+ 27. Kxf2 Rd8 28. Nxc8 Rxc8 29. Qf3 Qd6 30. gxh5 Rb8 31. Rb1 Rxb1 32. Nxb1 Qb6+ 33. Kg2 Qxb1 34. hxg6 Qb2+ 35. Qf2 c3 36. gxf7+ Kf8 37. d6 Qxf2+ 38. Kxf2 c2 39. d7 c1Q 40. d8Q+ Kxf7 41. Qd5+ Ke7 42. Qe5+ Kf7 43. Qf5+ Ke7 44. Qh7+ Ke6 45. Qg6+ Ke7 46. Qg7+ Ke6 47. Qg8+ Ke7 48. Qh7+ Ke6 49. Qf5+ Ke7 50. Qf3 Ke6 51. Kg3 Qg1+ 52. Qg2 Qe3+ 53. Kg4 Ke5 54. Qg3+ 1-0

[Event "Titled Tuesday intern op 13th Jun Late"]
[Site "Chess.com INT"]
[Date "2023.06.13"]
[Round "4"]
[White "Fantinel, Thibault"]
[Black "Tabuenca Mendataurigoitia, Daniel"]
[Result "1-0"]
[WhiteElo "2418"]
[BlackElo "2312"]
[PlyCount "81"]
[EventDate "2023.06.13"]
[EventType "swiss (blitz)"]
[EventRounds "11"]
[EventCountry "USA"]
[SourceTitle "EXT 2024"]
[Source "ChessBase"]
[SourceDate "2023.10.10"]
[SourceVersion "1"]
[SourceVersionDate "2023.10.10"]
[SourceQuality "1"]

1. e3 d5 2. c4 e6 3. Nf3 dxc4 4. Bxc4 a6 5. 0-0 b5 6. Bb3 Nf6 7. Qe2 Bb7 8. a4 b4 9. d3 c5 10. Nbd2 Nbd7 11. Nc4 Be7 12. e4 0-0 13. a5 Qc7 14. Bg5 Rfd8 15. Rfd1 Bc6 16. Bh4 Bb5 17. Bg3 Qb7 18. h3 Rac8 19. Rac1 h6 20. Qe3 Nb8 21. Nb6 Rc6 22. Ne5 Rcd6 23. Nxf7 Kxf7 24. Bxd6 Bxd6 25. e5 Nc6 26. exf6 Nd4 27. Bc4 Bf4 28. Qe1 Bxc1 29. Rxc1 Bxc4 30. Nxc4 gxf6 31. Ne3 Rg8 32. Kh1 Qc7 33. Qxb4 Rb8 34. Qxd4 cxd4 35. Rxc7+ Kg6 36. Nc4 Rb3 37. Rc6 Rxd3 38. Rxe6 Rd1+ 39. Kh2 d3 40. Rd6 Kf5 41. Ne3+ 1-0

[Event "Titled Tuesday intern op 13th Jun Late"]
[Site "Chess.com INT"]
[Date "2023.06.13"]
[Round "3"]
[White "Zenin, Dmitri"]
[Black "Fantinel, Thibault"]
[Result "1/2-1/2"]
[WhiteElo "2163"]
[BlackElo "2418"]
[PlyCount "106"]
[EventDate "2023.06.13"]
[EventType "swiss (blitz)"]
[EventRounds "11"]
[EventCountry "USA"]
[SourceTitle "EXT 2024"]
[Source "ChessBase"]
[SourceDate "2023.10.10"]
[SourceVersion "1"]
[SourceVersionDate "2023.10.10"]
[SourceQuality "1"]

1. d4 Nf6 2. c4 b6 3. Nc3 Bb7 4. d5 e6 5. a3 Bd6 6. Nf3 0-0 7. g3 c6 8. dxc6 dxc6 9. Bg2 c5 10. 0-0 Nc6 11. Qc2 a6 12. Rd1 Qc7 13. Bg5 Nd7 14. Be3 Rfd8 15. Ng5 Nf6 16. Nce4 Nxe4 17. Qxe4 g6 18. Qh4 h5 19. g4 Ne7 20. Bxb7 Qxb7 21. gxh5 Nf5 22. Qh3 Be5 23. hxg6 fxg6 24. Rxd8+ Rxd8 25. Nxe6 Re8 26. Ng5 Bxb2 27. Rd1 Bf6 28. Qg4 Qe7 29. Nf3 Nxe3 30. Qxg6+ Bg7 31. fxe3 Qxe3+ 32. Kh1 Qxe2 33. Qd3 Qxd3 34. Rxd3 Re4 35. Rd6 Rxc4 36. Rxb6 Ra4 37. Ng5 Bd4 38. Ne6 Rxa3 39. Rb7 Ra2 40. Rc7 Rc2 41. Nxd4 Rc1+ 42. Kg2 Rd1 43. Nf5 Rd2+ 44. Kg3 a5 45. Rxc5 a4 46. Ra5 Rd3+ 47. Kg4 a3 48. h4 Kf7 49. h5 Kf6 50. Ra6+ Ke5 51. Ra5+ Kf6 52. Ra6+ Ke5 53. Ra5+ Kf6 1/2-1/2

[Event "Titled Tuesday intern op 23rd May Early"]
[Site "Chess.com INT"]
[Date "2023.05.23"]
[Round "4"]
[White "Clawitter, Craig"]
[Black "Fantinel, Thibault"]
[Result "0-1"]
[WhiteElo "2050"]
[BlackElo "2423"]
[PlyCount "92"]
[EventDate "2023.05.23"]
[EventType "swiss (blitz)"]
[EventRounds "11"]
[EventCountry "USA"]
[SourceTitle "CBM 214 Extra"]
[Source "ChessBase"]
[SourceDate "2023.07.31"]
[SourceVersion "1"]
[SourceVersionDate "2023.07.31"]
[SourceQuality "1"]

1. e4 c5 2. Nf3 e6 3. d4 cxd4 4. Nxd4 Nc6 5. Nc3 Qc7 6. Be3 a6 7. Qd2 Nf6 8. 0-0-0 Nxd4 9. Qxd4 Ng4 10. Qb6 Qc6 11. Bd4 e5 12. Qxc6 bxc6 13. Bb6 Rb8 14. Ba7 Ra8 15. Bb6 Rb8 16. Ba7 Rb7 17. Be2 Rxa7 18. Bxg4 Bc5 19. Rd2 Ke7 20. Rhd1 h5 21. Bh3 Rc7 22. Na4 Bd4 23. c3 Ba7 24. b3 Rd8 25. Nb2 d6 26. Bxc8 Rcxc8 27. Nc4 Bb8 28. Kc2 Bc7 29. Rd3 Ke6 30. Rg3 g6 31. Rf1 d5 32. exd5+ cxd5 33. Ne3 Ba5 34. Nd1 Bxc3 35. Rxc3 d4 36. Rxc8 Rxc8+ 37. Kb2 Kd5 38. f4 e4 39. f5 g5 40. f6 Ke5 41. h3 d3 42. g4 Rc2+ 43. Kb1 hxg4 44. hxg4 Kd4 45. Rf5 e3 46. Rxg5 e2 0-1